00714nam a2200205 a 450000100100000000500170001000800410002702000150006804000250008308200180010810000330012624501100015926000450026930000320031450000280034650000410037465000300041565000270044570000360047200002321720200930022051.0101130s1975 xxua r 000 0 spa d a053822200X aDO-SdBNPbspacBNPHU a651.75bG643c1 aGonzález del valle, Luís10aCorrespondencia comercial :bfondo y forma /cLuis González del Valle , Antolín González del Valle. aOhio :bSouth-Western Publishing,c1975. axi, 301 p. :bil. ;c25 cm. aUn estudio clasificado. aDocumentación mercantil bilingüe 4aCorrespondencia comercial 4aPrácticas de oficina1 aGonzález del Valle, Antolín